Przemiany strukturalne w regionie jeleniogórskim

Na minha lista:
Detalhes bibliográficos
Formato: Livro
Idioma:polonês
Publicado em: Wroclaw Akademia Ekon. im. Oskara Langego 1988
Edição:1. wyd.
Colecção:Prace naukowe Nr 431
Tags: Adicionar Tag
Sem tags, seja o primeiro a adicionar uma tag!

MARC

LEADER 00000nam a2200000 4500
001 c034998
005 20260121065522.6
041 0 |a pol 
044 |a PL 
245 1 0 |a Przemiany strukturalne w regionie jeleniogórskim 
250 |a 1. wyd. 
264 1 |a Wroclaw  |b Akademia Ekon. im. Oskara Langego  |c 1988 
300 |a 118 s. 
490 1 |a Prace naukowe  |v Nr 431 
830 0 |a Prace naukowe  |v Nr 431